[Event "EU-ch U18 Girls 28th"]
[Site "Riga"]
[Date "2018.08.22"]
[Round "3"]
[White "Dolbieva, Ksenia"]
[Black "Limanovska, Elizabete"]
[Result "0-1"]
[WhiteElo "1845"]
[BlackElo "2066"]
[PlyCount "52"]
[EventDate "2018.08.20"]
[EventType "swiss"]
[EventRounds "9"]
[EventCountry "LAT"]
[SourceTitle "CBM 186 Extra"]
[Source "ChessBase"]
[SourceDate "2018.08.24"]
[SourceVersion "1"]
[SourceVersionDate "2018.08.24"]
[SourceQuality "1"]

1. c4 e5 2. Nc3 Nf6 3. Nf3 Nc6 4. e3 Bb4 5. Qc2 0-0 6. Be2 Re8 7. a3 Bf8 8. 0-0 d6 9. b3 g6 10. Bb2 Bg7 11. Rad1 e4 12. Nd4 Nxd4 13. exd4 Bf5 14. Qc1 d5 15. Kh1 c6 16. Rde1 Ng4 17. Qd1 Qh4 18. Bxg4 Bxg4 19. Ne2 g5 20. Qc2 Re6 21. Qc3 e3 22. Ng3 Rh6 23. h3 Bxh3 24. Kg1 Bg4 25. fxe3 Qh2+ 26. Kf2 Rf6+ 0-1